| 000 | 00463nam a22001697a 4500 | ||
|---|---|---|---|
| 022 | _a0-333-42131-0 | ||
| 082 |
_a531.11076 _bDRA |
||
| 100 |
_aDrabble, G. E. _939889 |
||
| 245 |
_aDynamics _cG. E. Drabble |
||
| 260 |
_aLondon _bMachmillan Education Ltd _c1987 |
||
| 300 | _axiv, 318.p: | ||
| 526 |
_a0 _b0 _c0 _d531_110760000000000_DRA |
||
| 526 |
_a0 _b0 _c0 _d531_110760000000000_DRA |
||
| 650 |
_aMCE _9379 |
||
| 700 |
_aG. E. Drabble _939890 |
||
| 942 |
_2ddc _cBK |
||
| 999 |
_c544295 _d544295 |
||